Squadra della stagione della UEFA Champions League - 2013-2014 - Statistics

Statistiche generali
  • Questo quiz è stato fatto 8 volte
  • Il punteggio medio è 17 su 18
Statistiche sulle risposte
Ruolo Nazione Squadra Calciatore % Corretto
Centrocampista Spagna Barcellona Andrés Iniesta
100%
Attaccante Portogallo Real Madrid Cristiano Ronaldo
100%
Difensore Uruguay Atlético Madrid Diego Godín
100%
Centrocampista Croazia Real Madrid Luka Modrić
100%
Portiere Germania Bayern Monaco Manuel Neuer
100%
Attaccante Germania Borussia Dortmund Marco Reus
100%
Difensore Portogallo Real Madrid Pepe
100%
Difensore Germania Bayern Monaco Philipp Lahm
100%
Difensore Spagna Real Madrid Sergio Ramos
100%
Portiere Belgio Atlético Madrid Thibaut Courtois
100%
Centrocampista Spagna Real Madrid Xabi Alonso
100%
Attaccante Svezia Paris Saint-Germain Zlatan Ibrahimović
100%
Centrocampista Argentina Real Madrid Ángel Di María
88%
Attaccante Paesi Bassi Bayern Monaco BArjen Robben
88%
Difensore Spagna Real Madrid Daniel Carvajal
88%
Attaccante Spagna Atlético Madrid Diego Costa
88%
Centrocampista Spagna Atlético Madrid Gabi
63%
Centrocampista Germania Bayern Monaco oni Kroos
63%
Nessun quiz corrispondente trovato
Distribuzione punteggi
Percentuale di utenti per punteggio
Percentile per numero di risposta
I tuoi punteggi nel tempo
Non hai fatto questo quiz